Online
Catalog

Fisiología del matrimonio , o , meditaciones de filosofía eclectica relativas a la felicidad y desgracia de los casados / (Record no. 34431)

MARC details
000 -CABECERA
campo de control de longitud fija 00856nam a2200193 a 4500
001 - NÚMERO DE CONTROL
campo de control 000034940
005 - FECHA Y HORA DE LA ÚLTIMA TRANSACCIÓN
campo de control 20200930074011.0
008 - DATOS DE LONGITUD FIJA--INFORMACIÓN GENERAL
campo de control de longitud fija 111021s1945 mx ac 000 0 spa d
040 ## - FUENTE DE LA CATALOGACIÓN
Centro catalogador/agencia de origen DO-SdBNP
Lengua de catalogación spa
Centro/agencia transcriptor BNPHU
082 ## - NÚMERO DE LA CLASIFICACIÓN DECIMAL DEWEY
Número de clasificación xxxx
Número de documento/Ítem B198f
100 1# - ENTRADA PRINCIPAL--NOMBRE DE PERSONA
Nombre de persona Balzac, Honorato de
9 (RLIN) 60516
245 10 - MENCIÓN DE TÍTULO
Título Fisiología del matrimonio , o , meditaciones de filosofía eclectica relativas a la felicidad y desgracia de los casados /
Mención de responsabilidad, etc. versión española de Ceferino Palencia e ilustraciones de Enrique Climent.
246 10 - FORMA VARIANTE DE TÍTULO
Título propio/Titulo breve Meditaciones de filosofía eclectica relativas a la felicidad y desgracia de los casados
260 ## - PUBLICACIÓN, DISTRIBUCIÓN, ETC.
Lugar de publicación, distribución, etc. México :
Nombre del editor, distribuidor, etc. Editorial Leyenda,
Fecha de publicación, distribución, etc. 1945.
300 ## - DESCRIPCIÓN FÍSICA
Extensión 374 p. :
Otras características físicas ils. retr. ;
Dimensiones 23 cm.
590 ## - NOTA LOCAL (RLIN)
Nota local Perteneció a la biblioteca personal de Juan Isidro Jimenes Grullón
700 1# - PUNTO DE ACCESO ADICIONAL--NOMBRE DE PERSONA
Nombre de persona Palencia, Ceferino
9 (RLIN) 60517
700 1# - PUNTO DE ACCESO ADICIONAL--NOMBRE DE PERSONA
Nombre de persona Climent, Enrique
9 (RLIN) 60518
Holdings
Estado de retiro Estado de pérdida Restricciones de uso No para préstamo Código de colección Localización permanente Ubicación/localización actual Ubicación en estantería Fecha de adquisición Número de inventario Total de préstamos Signatura topográfica completa Código de barras Fecha visto por última vez Precio válido a partir de Tipo de ítem Koha Nota pública
      Excluido de préstamo Monografías: Libros y Folletos General General En catalogación 21.10.2011 LF1   xxxx B198f 34940-10 25.06.2020 25.06.2020 No se presta Perteneció a la biblioteca personal de Juan Isidro Jimenes Grullón

Powered by Koha